00905nam a2200193 a 4500020002700000020003000027082001200057100002000069245002600089250002700115260003900142300001300181520028900194650001400483856007000497942000700567999001300574952012400587 a0071140956 (hardcover) a9780071140959 (hardcover) a540 CHA1 aChang, Raymond.10aEssential chemistry / aInternational edition. aNew YorkbMcgraw-Hill (Tx),c1996. a719 p. ; aThis work provides an introduction to general chemistry. Topics covered include: stoichiometry; chemical reaction in aqueous solutions; the electronic structure of atoms; chemical bonding; organic polymers; chemical equilibrium; acids and bases; thermodynamics; and nuclear chemistry. achemistry40uhttp://www.amazon.com/exec/obidos/ASIN/0071140956/chopaconline-20 cBK c594d594 0010708NFICaMLCampusbMLCampuscGENd2015-05-17l3o540 CHAp002878r2025-06-23 10:13:56s2025-06-11w2015-05-17yBK